00473nam a22001577a 450000500170000001000150001702000270003203500140005903700130007308200170008624500980010325000090020126000150021027000640022530000260028920210927160634.0 aENG-129973 c1295.00a9789353887711 aEN-113505 bDBAD/PUB a320.08209546 aWomen in Social Change:bVisions, Struggles and Persisting Concerns/cedited by Ghazala Jamil a2021 bSagec2021 bNew DelhiaBI/1-1 Mohan Cooperative Industrial Areae110044 axliv,276pc21cm (pbk)